00290 a2200109 4500001000700000020000600007040001100013100004000024240005600064245005100120362000900171169000 a  cMagnum aOliveira, Claudio Brandao de (Org.)10aConstituicao da republica federativa do brasillpor10aConstituicao da republica federativa do brasil0 a1899